Telecommunication : Sector working paper

Gespeichert in:
Bibliographische Detailangaben
Format: Buch
Sprache:Undetermined
Veröffentlicht: Work Bank 1971
Schlagworte:
Tags: Tag hinzufügen
Keine Tags, Fügen Sie den ersten Tag hinzu!
Thư viện lưu trữ: Trung tâm Học liệu Trường Đại học Cần Thơ
LEADER 00413nam a2200157Ia 4500
001 CTU_97819
008 210402s9999 xx 000 0 und d
082 |a 621.38 
082 |b T267/1971 
245 0 |a Telecommunication : 
245 0 |b Sector working paper 
260 |b Work Bank 
260 |c 1971 
650 |a Telecommunication 
904 |i Tuyến 
980 |a Trung tâm Học liệu Trường Đại học Cần Thơ